000 01017nam a2200313 i 4500
001 000041392
003 DO-SdBNP
005 20250203085143.0
007 ta
008 131001s2012 dr 000 j spa d
020 _a9789945404807
040 _aDO-SdBNP
_bspa
_cBNPHU
_erda
041 _aspa
082 4 _aRD863.5
_bC957g
_222
100 1 _aCruz Gil, Daniela,
_d1984-
_eautor
_4aut.
_986930
245 1 0 _aGastrocuento /
_cDaniela Cruz Gil.
264 4 _aSanto Domingo :
_bMinisterio de Cultura :
_bEditora Nacional,
_c©2012
300 _a55 páginas ;
_c23 cm.
336 _atexto
_btxt
_2rdacontent
337 _asin mediación
_bn
_2rdamedia
338 _avolumen
_bnc
_2rdacarrier
500 _aIncluye datos biográficos del autor en la solapa de la cubierta
500 _aSistema Nacional de Creación Literaria, (SINACREA).
590 _aInventariado, 2018/BT
650 7 _aCuentos dominicanos
650 7 _aLiteratura dominicana
910 _aValidado. Control de calidad MFF
942 _2ddc
_cLBS1
999 _c40882
_d40882